The judicial world of a multi-splendoured genius Sir Asutosh Mookerjee/ (Record no. 94854)
[ view plain ]
| 000 -LEADER | |
|---|---|
| fixed length control field | 00814nam a22002297a 4500 |
| 005 - DATE AND TIME OF LATEST TRANSACTION | |
| control field | 20150902121131.0 |
| 010 ## - LCCN (DPL NO) | |
| LC control number | ENG-113447 |
| 020 ## - INTERNATIONAL STANDARD BOOK NUMBER | |
| Terms of availability | 525.00 |
| International Standard Book Number | 9789350354711 |
| 035 ## - SYSTEM CONTROL NUMBER | |
| System control number | EN-96979 |
| 037 ## - SOURCE OF ACQUISITION | |
| Source of stock number/acquisition | DBAD/PUB |
| 082 ## - DEWEY DECIMAL CLASSIFICATION NUMBER | |
| Classification number | 347.5414092 |
| 245 ## - TITLE STATEMENT | |
| Title | The judicial world of a multi-splendoured genius Sir Asutosh Mookerjee/ |
| Statement of responsibility, etc | edited by V. Sudhish Pai |
| 246 ## - VARYING FORM OF TITLE | |
| Title proper/short title | Sir Asutosh Mookerjee |
| 260 ## - PUBLICATION, DISTRIBUTION, ETC. (IMPRINT) | |
| Place of publication, distribution, etc | Delhi |
| Name of publisher, distributor, etc | Universal Law Publishing |
| Date of publication, distribution, etc | 2014 |
| 270 ## - ADDRESS | |
| Address | A-58, G.T. Karnal Road Industrial Area, |
| City | Delhi |
| Postal code | 110033 |
| 300 ## - PHYSICAL DESCRIPTION | |
| Extent | xvi,206p.,16 unnumbered pages of plates : |
| Dimensions | 25cm(Hb) |
| Other physical details | ill. |
| 600 ## - SUBJECT ADDED ENTRY--PERSONAL NAME | |
| Personal name | Mookerjee, Asutosh |
| Dates associated with a name | 1864-1924. |
| 650 ## - SUBJECT ADDED ENTRY--TOPICAL TERM | |
| Topical term or geographic name as entry element | Judges |
| Geographic subdivision | India |
| Form subdivision | Biography. |
| 650 ## - SUBJECT ADDED ENTRY--TOPICAL TERM | |
| Topical term or geographic name as entry element | Judicial opinions |
| Geographic subdivision | India. |
| 700 ## - ADDED ENTRY--PERSONAL NAME | |
| Personal name | Pai, V. Sudhish |
| 942 ## - ADDED ENTRY ELEMENTS (KOHA) | |
| Source of classification or shelving scheme | Dewey Decimal Classification |
| Item type | English Books |
| Call number suffix | JUD |
| Classification part | 347.5414092 |
| Withdrawn status | Lost status | Not for loan | Collection code | Home library | Current library | Date acquired | Source of acquisition | Cost, normal purchase price | Full call number | Barcode | Copy number | Cost, replacement price | Koha item type |
|---|---|---|---|---|---|---|---|---|---|---|---|---|---|
| Not For Loan | Non-fiction | D.B.Act.Division | D.B.Act.Division | 13/07/2015 | DBAD/PUB | 525.00 | 347.5414092 JUD | EN-96979 | 1 | 525.00 | English Books |
